Movies Quiz

Random Movies or Quote Quiz

Movie Title Mix Quiz Stats

 Plays Quiz Updated Aug 13, 2016

Also try: Hand Drawn Movies
Challenge
Share
Tweet
Embed
Score 0/20 Timer 06:00
0 Plays Today
Quote Movie % Correct
'I see ____ people.' (The Sixth Sense)Dead Alive
81.1%
'They're not gonna catch us. We're on a mission from ___.' (The Blues Brothers)The Godfather
79.1%
'There's no ______ in baseball!' (A League of Their Own)The Crying Game
71.2%
'E.T. phone ____' (E.T.: The Extra-Terrestrial)Home Alone
70.7%
'Do I feel _____?' Well, do ya punk?' (Dirty Harry)Lucky You
65.7%
'Made it, Ma! ___ of the world!' (White Heat) Top Gun
62.2%
'I'm too ___ for this s***!' (Lethal Weapon)Oldboy
61.4%
'Take your stinkin' paws off me, you damned _____ ape!' (Planet of the Apes)Dirty Harry
50.4%
'Swept up by the great currents, he was carried endlessly, across vast ______, to worlds unknown.' (Happy Feet)Ocean's Eleven
46.3%
'Vanity is definitely my favorite ___' (The Devils Advocate)Sin City
44.1%
Quote Movie % Correct
'Jean, I'm not going to make it... I'm not going to... make it... to the ______ this afternoon.' (American Psycho)Office Space
43.7%
'My government does not like to do laundry in ______.' (Red Heat)Public Enemies
42.9%
'Each of you knew that the ________ way of life must be defended by life itself.' (The Caine Mutiny)American Beauty
42.8%
'Live fast, die young, leave a good-looking ______.' (Knock on Any Door)Corpse Bride
33.6%
'All those moments will be lost in time like tears in rain. Time to ___.' (Blade Runner)Die Hard
28%
'Well, I see the usual ____ of misfits and dope addicts are here.' (Ed Wood)Cast Away
27.5%
'Just what sort of ___ are we talking about?' (Ace Ventura: When Nature Calls)Batman
19.4%
'In this country, you gotta make the money _____.' (Scarface)First Blood
10.2%
'How do you get a crew to want to get off a nuclear ___...' (The Hunt for Red October)Subway
6.1%
'But I believe that, as a species, human beings define their _______ through suffering and misery.' (The Matrix)Reality Bites
5.1%

You're not logged in!

Compare scores with friends on all Sporcle quizzes.
Join for Free
OR
Log In

You Might Also Like...

Show Comments

Extras

Top Quizzes Today


Score Distribution

Your Account Isn't Verified!

In order to create a playlist on Sporcle, you need to verify the email address you used during registration. Go to your Sporcle Settings to finish the process.

Report this User

Report this user for behavior that violates our Community Guidelines.

Details: